00864 2200337 4500001002100000005001500021035002000036007000300056008004100059020002200100082001000122084001600132100001300148245010600161250001000267260003800277300002900315650002100344700002000365700001800385504003100403990001100434990001100445990000900456990001000465990001000475990001100485990001100496990000900507990001000516INLIS00000000000390320190808093858 a0010-0819000046ta190808 g 0 ind  a978-979-002-603-2 a636.1 a636.1 MAS k0 aMASWARNI1 aKuda :bManajemen Pemeliharaan dan Pengembangbiakan /cMaswarni, Nofiar Rachman; editor, Sony Nugroho acet.1 aJakarta :bPenebar Swadaya,c2014 a179 hlm :bilus ;c23 cm 4aKUDA. PETERNAKAN0 aNOFIAR, Rachman0 aSONY, Nugroho aBibliografi.: hlm. 178-179 a6055 a a6055 b a5179 a6055c a6055c a6055 a a6055 b a5179 a5179a